Rap Français: Qui a chanté? 2 - Statistiques

Statistiques générales
  • Ce quiz a été pris 1 713 fois
  • Le résultat moyen est 14 sur 20
Statistiques - réponses
Hint Extra Hint Réponse % Correct
Dans ma paranoïa 2014 Jul
88%
Amnésie 2016 Damso
87%
Je danse le mia 1993 IAM
84%
Habitué 2018 Dosseh
83%
Goutte d'eau 2019 Ninho
81%
Monégasque 2018 PLK
79%
10 12 14 Bureau 2016 Kalash Criminel
77%
DKR 2017 Booba
74%
Macaroni 2021 Leto
73%
Mowgli 2014 PNL
73%
Life 2017 Hamza
72%
Train de vie 2018 Koba la D
71%
Helsinki 2018 Dinos
70%
Gasolina 2022 Tiakola
70%
Pochon bleu 2017 Naps
64%
Jour meilleur 2021 Orelsan
62%
Anarchie 2016 SCH
60%
A l'heure où je me couche 2015 Casseurs Flowters
53%
Captain Cook 2016 PSO Thug
36%
La fuite 2018 Vegedream
33%
Aucun quiz correspondant
Distribution des résultats
% des personnes avec chaque résultat
Percentile par nombre de réponses
Votre historique - résultats
Vous n’avez pas pris ce quiz